000
00216nam a22000857a 4500
999
_c
11064
_d
11064
008
180813b ||||| |||| 00| 0 eng d
100
_a
Dickens Huffam
_9
6842
245
_a
Oliver Twist
260
_a
New Delhi
_b
Campfire
_c
2016